| 000 | 01182nam a22003377a 4500 | ||
|---|---|---|---|
| 001 | 695 | ||
| 005 | 20250402114836.0 | ||
| 020 | _a0679824111 (trade) | ||
| 020 | _a0679924116 (lib. bdg.) | ||
| 040 |
_aDLC _cDLC _dDLC _beng |
||
| 050 | 0 | 0 |
_aPZ7.O81167 _bDi 1992 |
| 082 | 0 | 0 |
_a[Fic] _220 |
| 100 | 1 | _aOsborne, Mary Pope. | |
| 245 | 1 | 0 |
_aDinosaurs before dark / _cby Mary Pope Osborne ; illustrated by Sal Murdocca. |
| 250 | _aFirst Scholastic printing, September 1995. | ||
| 260 |
_aNew York : _bScholastic, _c1995. |
||
| 300 |
_a68 pages : _billustrations ; _c20 cm. |
||
| 490 | 1 |
_aThe Magic tree house series ; _vBook 1 |
|
| 500 | _a"A First stepping stone book." | ||
| 505 | _aK | ||
| 520 | _aEight-year-old Jack and his younger sister Annie find a magic treehouse, which whisks them back to an ancient time zone where they see live dinosaurs. | ||
| 521 |
_a510 _bLexile |
||
| 521 |
_aK
_bRaz-Plus |
||
| 650 | 1 |
_aDinosaurs _xFiction. |
|
| 650 | 1 |
_aTime travel _xFiction. |
|
| 650 | 1 |
_aMagic _xFiction. |
|
| 650 | 1 |
_aTree houses _xFiction. |
|
| 700 | 1 |
_aMurdocca, Sal, _eillustrator. |
|
| 906 |
_a7 _bcbc _corignew _d1 _eocip _f19 _gy-gencatlg |
||
| 942 |
_2ddc _cBK _n0 |
||
| 999 |
_c695 _d695 |
||